Estudio de tugurios arrendados en los cutrao distritos centrales de San José, informe preliminar

Tallennettuna:
Bibliografiset tiedot
Yhteisötekijä: Instituto Nacional de Vivienda y Urbanismo (Costa Rica)
Aineistotyyppi: Teksti
Julkaistu: San José: El Instituto
Tagit: Lisää tagi
Ei tageja, Lisää ensimmäinen tagi!

MARC

LEADER 00000 a a2200000 04500
001 17530
003
040
090 |a EXTRAVIADO  
110 |a Instituto Nacional de Vivienda y Urbanismo (Costa Rica)  
245 |a Estudio de tugurios arrendados en los cutrao distritos centrales de San José, informe preliminar  
260 |a San José:   |b El Instituto  
300 |a 45 p.  
999 |c 10373  |d 10373